La orientación vocacional a través del curriculum y de la tutoría: una propuesta para la etapa de 12 a 16 años

I tiakina i:
Ngā taipitopito rārangi puna kōrero
Kaituhi matua: Alvarez, Manuel (Author)
Hōputu: Pukapuka
Reo:Pāniora
I whakaputaina: Barcelona Graó 1996
Putanga:4a. ed
Rangatū:Colección Materiales para la Innovación Educativa, 3
Ngā marau:
Ngā Tūtohu: Tāpirihia he Tūtohu
Kāore He Tūtohu, Me noho koe te mea tuatahi ki te tūtohu i tēnei pūkete!

MARC

LEADER 00000nam a2200000 a 4500
001 UCK1730
003 CL-VaPUC
008 041126e19960700SP |||||||||||||||||spa|d
020 |a 8478270647 
082 0 4 |a 371.4  |b ALV  |2 21 
100 0 |a Alvarez, Manuel  |e author  |9 489573 
245 1 3 |a La orientación vocacional a través del curriculum y de la tutoría: una propuesta para la etapa de 12 a 16 años 
250 |a 4a. ed 
300 |a 236 p 
942 |c BK 
945 |d 20041126 00:00:00  |a vberengu 
260 |a Barcelona  |b Graó  |c 1996 
650 0 |a Psicología educacional   |9 307830 
650 7 |a ORIENTACION EDUCACIONAL  |2 CL-VaPUC  |9 312512 
650 0 |a Orientación vocacional  |9 255692 
583 |a last modification  |c 20041126 00:00:00  |k Rodrigo Vera 
490 0 |a Colección Materiales para la Innovación Educativa, 3 
999 |c 311544  |d 311542 
952 |0 0  |1 0  |4 0  |6 371_400000000000000_ALV_1996  |7 0  |8 A  |9 380994  |a BIBEDU  |b BIBEDU  |d 2019-11-21  |i 4081846  |o 371.4 ALV 1996  |p 4081846  |r 2019-11-21  |w 2019-11-21  |y BK  |k EBA